Notas sobre el desarrollo de la situación revolucionaria en El Salvador, democracia y guerra popular
Wedi'i Gadw mewn:
| Prif Awdur: | |
|---|---|
| Fformat: | Texto |
| Cyhoeddwyd: |
San José:
CSUCA
|
| Tagiau: |
Ychwanegu Tag
Dim Tagiau, Byddwch y cyntaf i dagio'r cofnod hwn!
|
MARC
| LEADER | 00000 a a2200000 04500 | ||
|---|---|---|---|
| 001 | 20870 | ||
| 003 | |||
| 040 | |||
| 090 | |a 089300 | ||
| 100 | |a Cáceres Prendes, Jorge | ||
| 245 | |a Notas sobre el desarrollo de la situación revolucionaria en El Salvador, democracia y guerra popular | ||
| 260 | |a San José: |b CSUCA | ||
| 300 | |a 32 p. | ||
| 999 | |c 14336 |d 14336 | ||
